Системи підтримки прийняття рішень (Запис № 335425)

МАРК-запис
000 -Лідер
fixed length control field 00884nam a22002657a 4500
001 - Контрольний номер
control field 49320
003 - Ідентифікатор контрольного номера
control field UA-OsUOA
005 - Дата та час останнього входження (трансакції)
control field 20201007161252.0
007 - Фіксоване поле фізичного опису
fixed length control field ta
008 - Елементи даних фіксованої довжини – загальна інформація
fixed length control field 20070928b un ||||| |||| 00| 0 ukr d
020 ## - Міжнародний стандартний книжковий номер (ISBN)
Міжнародний стандартний книжковий номер (ISBN) (НП) 966-574-588-3
040 ## - Джерело каталогізації
Агенція оригінальної каталогізації UA-OsUOA
Мова каталогізації ukr
Агенція, яка здійснювала перезапис UA-OsUOA
Агенція, яка здійснювала модифікацію UA-OsUOA
041 ## - Код мови
Код мови тексту/ звукової доріжки чи окремого заголовка (П) ukr
080 ## - Індекс Універсальної десяткової класифікації
Індекс Універсальної десяткової класифікації (УДК) (НП) 658(075.8)
090 ## - Локальний шифр розміщення
Класифікаційний індекс УДК 658(075.8)
Авторський знак (НП) С 41
100 ## - Основне введення – ім’я особи
Ім’я особи (НП) Ситник В.Ф.
245 ## - Відомості про назву
Назва (НП) Системи підтримки прийняття рішень
Решта назви (НП) Навчально-методичний посібник для самостійного вивчення дисципліни
260 ## - Публікація, розповсюдження і т.п. (Вихідні дані)
Місце публікації, розповсюдження і т.п. (П) К.
Ім’я/ наймення видавництва, розповсюджувача і т.п. (П) КНЕУ
Дата публікації, розповсюдження і т.п. (П) 2004
300 ## - Фізичний опис
Обсяг 427 с.
650 #7 - Додаткове предметне введення – тематичний термін
Тематичний термін чи географічна назва, як елемент введення (НП) 330 Економіка взагалі
Джерело заголовка чи терміна UDC
700 ## - Додаткове введення – ім'я особи
Ім’я особи (НП) Гордієнко І. В.
942 ## - Додаткові елементи входу (Коха)
Тип елемента Koha Книги
Source of classification or shelving scheme Universal Decimal Classification
955 ## - Код типу видання за змістом
Код типу видання за змістом (НП) Навчальні видання
Фонди
Стан вилучень Стан втрат Джерело класифікації або схеми стелажів Стан уражень Не для кредиту Постійне місце розташування Поточне розміщення Дата придбання Джерело придбання Вартість, звичайна ціна покупки Інвентарний номер Усього замовленно Штрих-код Дата останнього перегляду Ціна ефективна від Тип елемента Koha Повний номер виклику
    Universal Decimal Classification     ЧЗ - Читальна зала ЧЗ - Читальна зала 19/07/2006 72/2006 46.40 97316   97316 07/02/2022 19/07/2006 Книги  
    Universal Decimal Classification     ЧЗ - Читальна зала ЧЗ - Читальна зала 15/03/2007 48/2007 46.40 104007   104007 07/02/2022 15/03/2007 Книги 658(075.8) С41
    Universal Decimal Classification     ЧЗ - Читальна зала ЧЗ - Читальна зала 08/02/2008 15/2008 58.80 110957   110957 07/02/2022 15/03/2007 Книги 658(075.8) С41
    Universal Decimal Classification     ЧЗ - Читальна зала ЧЗ - Читальна зала 08/02/2008 15/2008 58.80 110958   110958 07/02/2022 15/03/2007 Книги 658(075.8) С41
    Universal Decimal Classification     ЧЗ - Читальна зала ЧЗ - Читальна зала 08/02/2008 15/2008 58.80 110959   110959 07/02/2022 15/03/2007 Книги 658(075.8) С41
    Universal Decimal Classification     ЧЗ - Читальна зала ЧЗ - Читальна зала 28/09/2007 157/2007 46.40 108399   108399 05/02/2022 28/09/2007 Книги 658(075.8) С 41
    Universal Decimal Classification     ЧЗ - Читальна зала ЧЗ - Читальна зала 28/09/2007 157/2007 46.40 108400   108400 05/02/2022 28/09/2007 Книги 658(075.8) С 41
    Universal Decimal Classification     ЧЗ - Читальна зала ЧЗ - Читальна зала 28/09/2007 157/2007 46.40 108401   108401 07/02/2022 28/09/2007 Книги 658(075.8) С 41
    Universal Decimal Classification     ЧЗ - Читальна зала ЧЗ - Читальна зала 28/09/2007 157/2007 46.40 108402   108402 07/02/2022 28/09/2007 Книги 658(075.8) С 41
    Universal Decimal Classification     ЧЗ - Читальна зала ЧЗ - Читальна зала 28/09/2007 157/2007 46.40 108403   108403 07/02/2022 28/09/2007 Книги 658(075.8) С 41